[Event "London Classic 8th"]
[Site "London"]
[Date "2016.12.12"]
[Round "4"]
[White "Anand, Viswanathan"]
[Black "Adams, Michael"]
[Result "1/2-1/2"]
[WhiteElo "2779"]
[BlackElo "2748"]
[Annotator "Sagar Shah"]
[PlyCount "63"]
[EventDate "2016.12.09"]
[EventType "tourn"]
[EventRounds "9"]
[EventCountry "ENG"]
[EventCategory "22"]
[SourceTitle "CBM 176"]
[Source "ChessBase"]
[SourceDate "2017.01.17"]
[SourceVersion "1"]
[SourceVersionDate "2017.01.17"]
[SourceQuality "1"]

1. e4 e5 2. Nf3 Nc6 3. Bc4 Bc5 4. c3 Nf6 5. d3 d6 6. O-O h6 7. Re1 O-O 8. Nbd2
Ne7 9. Bb3 Ng6 10. d4 Bb6 11. Nc4 Be6 12. h3 (12. dxe5 dxe5 13. Ncxe5 Bxb3 (
13... Qxd1 14. Bxd1 $14) 14. Qxb3 Nxe5 15. Nxe5 Qd6 $1 16. Nc4 (16. Nf3 Ng4 17.
Rf1 Rad8 $44) 16... Bxf2+ $1 17. Kxf2 Qxh2 $13 (17... Ng4+ 18. Ke2 Qxh2 $13))
12... c6 13. dxe5 dxe5 $6 (13... Bxc4 14. Bxc4 (14. exf6 Bxb3 15. axb3 Qxf6 $11
) 14... Nxe5 15. Nxe5 dxe5 $11 {Black has no real problems.}) 14. Ncxe5 Nxe5
15. Nxe5 Re8 16. Qxd8 Raxd8 17. Bc2 $14 {White is a pawn up, but Black is
completely developed. The next few moves are crucial for the evaluation of the
position.} g5 18. Nf3 g4 {[%cal Gg5g4] Let's pause for a minute and look
carefully at this position. White is a pawn up here. What he would really like
to do is take the pawn on g4 with h3. However, for that you must look deeper.
Anand chose Nd4. But we must analyse what happens after hxg4.} 19. Nd4 $5 {
This is not a bad move, but as compared to hxg4 it is clearly a concession.} (
19. hxg4 Nxg4 20. Nd4 {It is at this point you must look at your opponent's
best possibility.} (20. Re2 {is already bad because of} Bc4 $1 $17) 20... Rxd4
$1 {Anand saw this move for his opponent. But he didn't stop just as yet.} (
20... Bxd4 21. cxd4 Rxd4 {It is important to see that this is completely bad
for Black after} 22. f3 Ne5 23. Bxh6 $16 {White is up a pawn, has the bishop
pair and is cruising towards victory.}) 21. cxd4 Bxd4 {Now f2 is hanging. You
must protect it somehow.} 22. Re2 $1 (22. Be3 $2 Nxe3 23. fxe3 Bxb2 24. Rab1
Bc3 25. Rf1 Re7 $11 {Black has a pawn for the exchange and White's structure
is a complete wreck. This is nothing for White.}) 22... Bc4 23. Rd2 {The rook
attacks the bishop. And if it moves back, White can unravel with b3-Bb2. Hence,
c5 is forced.} c5 {[%csl Ra1,Rc1,Gc4,Rd2,Gd4,Ge8,Gg4] It is after reaching
this position in his head and analysing the possibilities that Anand started
to feel uncomfortable. He saw that the bishops are just excellently placed in
the centre and with ...f5 coming up, he will lose a pawn and be in trouble.
But he had a nice move which was missed.} 24. Rb1 $1 {Giving up the a2 pawn.
This is not an easy move to foresee. The threat is now b3.} (24. Rxd4 {is a
move that I like as well.} cxd4 25. Bd2 $14 {White should be better here.
Enough for victory? Maybe not. But in general he is better and quite
substantially.} d3 26. Bd1 $16) 24... Bxa2 25. Ra1 Bc4 26. Rxa7 {The rook has
activated itself, the b-pawn is free to move and it would be fine to end your
calculations at this point and go for the variation beginning with 19.hxg4!
That's the level at which these guys work!} Ba6 27. b4 $16 {White is clearly
pushing here.} Bc3 $6 (27... Kg7 28. b5 Bxb5 29. Rxb7 $16) 28. f3 $1 Bxd2 29.
Bxd2 Ne5 30. Ba4 Rd8 31. Bc3 $18 {And with b5 coming up, White is winning.})
19... gxh3 20. gxh3 (20. Nxe6 Rxe6 21. gxh3 Rde8 22. Bxh6 Nxe4 23. Bxe4 Rxh6
24. Bg2 (24. Bh7+ Kf8 $11) 24... Rxe1+ 25. Rxe1 Kf8 $14 {White will be pushing
here, but it will not be easy to convert into a full point.}) 20... Bxh3 21.
Re3 (21. Bxh6 {I think this move should be given serious consideration.} Ng4
22. Bf4 $14 Rxd4 23. cxd4 Bxd4 24. Bg3 Re6 (24... Bxb2 25. Rab1 Bc3 26. Red1
$18) 25. Bd1 c5 $16 {Black has compensation but overall it shouldn't be enough.
}) 21... Bg4 22. Rg3 Bc7 23. f4 (23. Rg2 $5) 23... h5 24. e5 Nd5 25. Bf5 Bb6
26. Bxg4 hxg4 27. Rxg4+ Kf8 28. Bd2 Ke7 $1 (28... Nxc3 $2 29. bxc3 Rxd4 30.
cxd4 Bxd4+ 31. Kg2 Bxa1 32. Bb4+ $18) 29. Kf2 Nxc3 $1 30. bxc3 Rxd4 31. cxd4
Bxd4+ 32. Be3 (32. Be3 Bxa1 $11) 1/2-1/2

[Event "FIDE World Cup"]
[Site "Tbilisi"]
[Date "2017.09.17"]
[Round "5.3"]
[White "Vachier Lagrave, Maxime"]
[Black "Svidler, Peter"]
[Result "1/2-1/2"]
[WhiteElo "2789"]
[BlackElo "2751"]
[Annotator "Sagar Shah"]
[PlyCount "151"]
[EventDate "2017.09.03"]
[EventType "k.o."]
[EventRounds "7"]
[EventCountry "GEO"]
[SourceTitle "CBM 181"]
[Source "ChessBase"]
[SourceDate "2017.11.10"]
[SourceVersion "1"]
[SourceVersionDate "2017.11.10"]
[SourceQuality "1"]

1. e4 {[%emt 0:00:00]} e5 {[%emt 0:00:01]} 2. Nf3 {[%emt 0:00:00]} Nc6 {
[%emt 0:00:02]} 3. Bc4 {[%emt 0:00:00] Maxime believes in his preparation in
the Italian and goes for it.} Bc5 {[%emt 0:00:02]} 4. c3 {[%emt 0:00:00]} Nf6 {
[%emt 0:00:03]} 5. d3 {[%emt 0:00:00]} d6 {[%emt 0:00:03]} 6. O-O {[%emt 0:00:
00]} a6 {[%emt 0:00:02]} 7. a4 {[%emt 0:00:03]} h6 {[%emt 0:00:02]} 8. Re1 {
[%emt 0:00:04]} O-O {[%emt 0:00:07]} 9. h3 {[%emt 0:00:03]} a5 {[%emt 0:00:11]}
10. Nbd2 {[%emt 0:00:01] All these little moves in the Giuoco Piano are well
known. The main idea is to build up the position before getting down to a
fist-fight.} Be6 {[%emt 0:00:04]} 11. Bb5 {[%emt 0:00:02]} Na7 {[%emt 0:00:06]}
({In the classical section Svidler had chosen} 11... Ne7 12. d4 exd4 13. Nxd4
Bd7 14. Nf1 Re8 15. Ng3 Ng6 16. f4 Bxb5 17. axb5 Qd7 {½-½ (27)
Vachier-Lagrave,M (2804)-Svidler,P (2756) Tbilisi GEO 2017, leads to a complex
position where both sides had their chances.}) 12. d4 {[%emt 0:00:03]} exd4 {
[%emt 0:00:02]} ({In an earlier round we saw this between MVL-Grischuk:} 12...
Nxb5 13. dxc5 Na7 14. b3 Re8 15. cxd6 Qxd6 16. Ba3 Qa6 17. b4 axb4 18. cxb4 b5
19. Bb2 Nc6 20. Nxe5 Nxb4 21. Re3 bxa4 22. Rg3 {1/2-1/2 (56) Vachier-Lagrave,M
(2804) -Grischuk,A (2788) Tbilisi GEO 2017. It was a game filled with mind
boggling complications that ended in a draw.}) 13. cxd4 {[%emt 0:00:20]} Bb4 {
[%emt 0:00:02]} 14. Bd3 {[%emt 0:00:01]} d5 {[%emt 0:00:02]} 15. e5 {[%emt 0:
00:02]} Nd7 {[%emt 0:00:01] Peter played all of this pretty fast, which meant
that he was very well prepared.} 16. Re2 {[%emt 0:00:45]} c5 {[%emt 0:00:41]}
17. Nf1 {[%emt 0:00:10]} cxd4 {[%emt 0:06:10]} 18. Bc2 {[%emt 0:01:52]} (18.
Nxd4 Nc6 $13 {Black seems to be doing fine.}) 18... Nc5 {[%emt 0:00:48]
preventing Qd3 seems quite logical.} (18... Nc6 19. Qd3 g6 20. Bxh6 {seems to
be quite dangerous for Black.}) 19. Nxd4 {[%emt 0:00:04] Black is now sitting
on a time bomb. He has clearly a fine position on the queenside. However,
White's plan of f4-f5 looks terribly dangerous. Peter must prepare for it.} Nc6
$1 {[%emt 0:00:42] The first part is to get rid of the monster on d4.} 20. Ng3
{[%emt 0:00:24]} (20. f4 $6 Nxd4 21. Qxd4 Ne4 $1 22. Bxe4 dxe4 23. Qxe4 Qd1 $1
$17) 20... Nxd4 {[%emt 0:00:47]} 21. Qxd4 {[%emt 0:00:02]} f5 {[%emt 0:00:17]}
(21... Rc8 {looks more in the spirit of the position.} 22. Be3 Rc6 (22... Nd7
23. Nh5 Bc5 24. Qd3 $16) 23. Nh5 Ne4 24. Nf4 $14 {White is still better.}) 22.
exf6 {[%emt 0:00:20]} (22. Nh5 {Going to f4 can be a good idea.} Ne4 23. Nf4
Bc5 24. Qd3 Qb6 25. Be3 $16) 22... Qxf6 {[%emt 0:02:17]} 23. Be3 {[%emt 0:00:
42]} (23. Qxf6 Rxf6 24. Nh5 Rff8 25. Be3 $14) 23... Qxd4 {[%emt 0:03:27]} 24.
Bxd4 {[%emt 0:00:06]} Bd7 {[%emt 0:00:33] Positionally White looks better as
the pawn on d5 is weak. But Black has active pieces and he is able to maintain
the balance without too many difficulties.} 25. Rd1 {[%emt 0:01:09]} (25. Nh5
Ne6) 25... Rae8 {[%emt 0:02:51]} (25... Nxa4 $6 26. Nh5 $16) (25... Bxa4 $2 26.
Bxc5 Bxc2 27. Rxc2 $18) 26. Rxe8 {[%emt 0:01:08]} Bxe8 {[%emt 0:00:01]} (26...
Rxe8 $2 27. Bxc5 Bxc5 28. Rxd5 $18) 27. b3 {[%emt 0:02:59]} (27. Bxc5 Bxc5 28.
Rxd5 Bxf2+ $15) 27... b5 {[%emt 0:00:14] Peter keeps reducing the pawns on the
board and moves closer to a draw.} 28. axb5 {[%emt 0:00:23]} Bxb5 {[%emt 0:00:
02]} 29. Be3 {[%emt 0:01:25]} Bc6 {[%emt 0:01:24]} 30. Nf5 {[%emt 0:00:34]} Ne4
{[%emt 0:00:33]} 31. Nd4 {[%emt 0:00:13]} Bd7 {[%emt 0:00:24]} 32. Bd3 {
[%emt 0:01:03]} (32. Bxe4 dxe4 33. Nc2 Be6 34. Nxb4 axb4 35. Rd4 Bxb3 36. Rxe4
Rb8 37. Bd2 Bd5 38. Rxb4 Rxb4 39. Bxb4 $11) 32... Rb8 {[%emt 0:02:32]} 33. f3 {
[%emt 0:00:38]} Nc3 {[%emt 0:02:15]} 34. Rc1 {[%emt 0:00:14]} a4 {[%emt 0:00:
12]} 35. bxa4 {[%emt 0:00:15]} Bxa4 {[%emt 0:00:15]} 36. Kh2 {[%emt 0:02:28]}
Bd6+ {[%emt 0:00:37]} 37. f4 {[%emt 0:00:09]} Nd1 {[%emt 0:00:19]} 38. Bd2 {
[%emt 0:00:51]} Nf2 {[%emt 0:00:25]} 39. Bf5 {[%emt 0:00:42]} Ne4 {[%emt 0:01:
18]} 40. Be6+ {[%emt 0:00:13]} Kh7 {[%emt 0:00:11]} 41. Be3 {[%emt 0:00:02]}
Nf6 {[%emt 0:00:08]} 42. Nf5 {[%emt 0:01:01]} Re8 {[%emt 0:00:11]} 43. Bf7 {
[%emt 0:00:02]} Rxe3 {[%emt 0:00:23]} 44. Nxd6 {[%emt 0:00:02]} Re7 {[%emt 0:
00:31]} 45. f5 {[%emt 0:00:50]} Be8 {[%emt 0:00:02]} 46. Be6 {[%emt 0:00:01]}
g6 $1 {[%emt 0:00:14] Black does lose a pawn, but transposes into a drawn game.
} 47. Nxe8 {[%emt 0:01:06]} Nxe8 {[%emt 0:00:04]} 48. fxg6+ {[%emt 0:00:02]}
Kxg6 {[%emt 0:00:02]} 49. Bxd5 {[%emt 0:00:01]} Nf6 {[%emt 0:00:01] The
chances of beating Svidler from such a position are absolutely zero.} 50. Bf3 {
[%emt 0:00:02]} Re5 {[%emt 0:00:11]} 51. Kg3 {[%emt 0:00:12]} Rg5+ {[%emt 0:00:
02]} 52. Kf2 {[%emt 0:00:06]} Ra5 {[%emt 0:00:02]} 53. Rc4 {[%emt 0:00:09]} Kg5
{[%emt 0:00:28]} 54. h4+ {[%emt 0:00:08]} Kg6 {[%emt 0:00:03]} 55. g4 {[%emt 0:
00:01]} Ra7 {[%emt 0:00:39]} 56. Kg3 {[%emt 0:00:14]} Kg7 {[%emt 0:00:01]} 57.
Rc6 {[%emt 0:00:20]} Re7 {[%emt 0:00:05]} 58. Bd1 {[%emt 0:00:22]} Rd7 {
[%emt 0:00:38]} 59. Bc2 {[%emt 0:00:03]} Re7 {[%emt 0:00:05]} 60. Bf5 {[%emt 0:
00:09]} Re3+ {[%emt 0:00:03]} 61. Kf2 {[%emt 0:00:06]} Re7 {[%emt 0:00:02]} 62.
Kf3 {[%emt 0:00:05]} Ra7 {[%emt 0:00:05]} 63. Be6 {[%emt 0:00:36]} Ra3+ {
[%emt 0:00:20]} 64. Kf4 {[%emt 0:00:15]} Ra4+ {[%emt 0:00:06]} 65. Bc4 {
[%emt 0:00:11]} Ra7 {[%emt 0:00:01]} 66. h5 {[%emt 0:00:44]} Ra5 {[%emt 0:00:
39]} 67. Rc7+ {[%emt 0:00:14]} Kh8 {[%emt 0:00:01]} 68. Kf3 {[%emt 0:00:47]}
Re5 {[%emt 0:00:14]} 69. Rf7 {[%emt 0:00:45]} Nxg4 $1 {[%emt 0:00:37] With
this sacrifice the game is over.} 70. Rf8+ {[%emt 0:00:24]} Kh7 {[%emt 0:00:00]
} 71. Rf7+ {[%emt 0:00:19]} Kh8 {[%emt 0:00:01]} 72. Kxg4 {[%emt 0:00:01]} Re4+
{[%emt 0:00:01]} 73. Rf4 {[%emt 0:00:02]} Rxf4+ {[%emt 0:00:01]} 74. Kxf4 {
[%emt 0:00:00]} Kg7 {[%emt 0:00:00]} 75. Kf5 {[%emt 0:00:01]} Kh8 {[%emt 0:00:
01]} 76. Kg6 {A well played game by both sides.} 1/2-1/2

[Event "Candidates Tournament"]
[Site "Moscow"]
[Date "2016.03.15"]
[Round "4"]
[White "Caruana, Fabiano"]
[Black "Topalov, Veselin"]
[Result "1/2-1/2"]
[WhiteElo "2794"]
[BlackElo "2780"]
[Annotator "Sagar Shah/CB Website"]
[PlyCount "104"]
[EventDate "2016.03.11"]
[EventType "tourn"]
[EventRounds "14"]
[EventCountry "RUS"]
[EventCategory "22"]
[SourceTitle "CBM 172"]
[Source "ChessBase"]
[SourceDate "2016.05.12"]
[SourceVersion "1"]
[SourceVersionDate "2016.05.12"]
[SourceQuality "1"]

1. e4 e5 2. Nf3 Nc6 3. Bc4 Bc5 4. O-O Nf6 5. d3 d6 6. c3 h6 7. a4 a5 {The
players are following the game Carlsen-Adams from Wijk aan Zee 2016. Here
Carlsen went Na3 but Caruana first inserts Re1.} 8. Re1 O-O 9. Na3 Re8 10. Nc2
Ba7 11. Be3 Be6 12. Bb5 Bd7 13. Bxa7 Nxa7 14. Bc4 Nc8 {Caruana thought that
this manoeuvre was a little odd, but according to Topalov Black should be
completely fine here.} 15. Ne3 Nb6 16. Bb3 c6 17. h3 Be6 18. Bc2 Qc7 19. d4 {
White has a slight more pleasant position.} Nc4 20. Nxc4 Bxc4 21. Qd2 Rad8 22.
Rad1 Be6 23. Qe3 b6 24. Nd2 c5 25. Bd3 Re7 $6 {This doesn't seem to be a very
useful move. Emil Sutovsky was very critical about it in his facebook post:
"Topalov didn't have much of a problem out of the opening, but he simply
stunned me by making a move Re8-e7 in a very complex position literally within
a few seconds. The position required quite some thought, and it could have
been a critical point"} 26. d5 Bd7 27. Ra1 {The idea of Ra1 followed by b4 is
very interesting.} Nh5 28. b4 Nf4 {The knight is well placed on f4 but later
on it becomes the sole reason why Black's position goes downhill. It comes in
the way of other pieces.} 29. bxa5 bxa5 30. Reb1 Rf8 31. Bb5 Bc8 32. Bf1 f5 {
It is an interesting position with White playing on the queenside and Black on
the other wing. But soon Topalov goes wrong.} 33. c4 Ref7 34. Ra3 fxe4 35. Nxe4
Bf5 36. Rab3 {As previously pointed out the knight on f4 really stops Black
from getting his required counterplay.} Bg6 37. Rb6 Qe7 $2 (37... Bxe4 {
was necessary and although White is clearly better, Black doesn't lose
material. Instead Topalov hallucinated and committed a blunder.}) 38. Nxd6 {
White has simply won material and stands just better.} Nxh3+ 39. Qxh3 {True
the rook on b1 is hanging but so is the guy on f7. So it just a complete piece
up position.} Rf6 40. Nc8 $1 Qd8 41. R1b5 $2 {An error on the 41st move. Very
surprising.} (41. Rxf6 Qxf6 42. Rb2 {is just curtains. White is a piece up and
there is nothing more to play for as} Bf5 {fails to} 43. Qxf5 $18 {[%csl Rf5,
Rg8][%cal Rc8e7]}) 41... Rxf2 {Now it gets a little complicated.} 42. Rxg6
Rxf1+ 43. Kh2 Qxc8 44. Qxc8 (44. Qxh6 {would have still given White excellent
winning chances.}) 44... Rxc8 45. Rc6 (45. Rb7 Rf7 46. Rc6 $5 {was an option.
But it is not enough to win because after} Rxb7 47. Rxc8+ Kf7 48. Rxc5 Rb4 $11
{it is just equal.}) 45... Re8 {The two black rooks combined with the e-pawn
give Black enough counterplay to hold a draw.} 46. Rcxc5 e4 47. d6 Rd8 48. Rc6
Rd1 49. c5 e3 50. Rb2 Rd2 51. Rb1 e2 52. Re1 Rf8 {Quite a heartbreak for
Caruana who could have been on 2.5/4 with this win.} 1/2-1/2

[Event "Moscow Aeroflot op-A 18th"]
[Site "Moscow"]
[Date "2019.02.23"]
[Round "4"]
[White "Chigaev, Maksim"]
[Black "Sasikiran, Krishnan"]
[Result "0-1"]
[WhiteElo "2613"]
[BlackElo "2678"]
[Annotator "Sasikiran,K"]
[PlyCount "86"]
[EventDate "2019.02.20"]
[EventType "swiss"]
[EventRounds "9"]
[EventCountry "RUS"]
[SourceTitle "CBM 189"]
[Source "ChessBase"]
[SourceDate "2019.04.29"]
[SourceVersion "1"]
[SourceVersionDate "2019.04.29"]
[SourceQuality "1"]

1. e4 e5 2. Nf3 Nc6 3. Bc4 Bc5 4. O-O Nf6 5. d3 d6 6. c3 h6 7. a4 a5 8. Be3 {
My opponent played this quickly. He had played it in an earlier game in 2018,
however, this cannot be a serious try for an advantage.} (8. Na3 {is the main
line.}) 8... Bxe3 9. fxe3 Ne7 $5 10. d4 (10. Nh4 $5) (10. Qe1 $5) 10... O-O (
10... Ng6 11. Nbd2 (11. dxe5 Nxe5 12. Nxe5 dxe5 13. Qxd8+ Kxd8 14. Bxf7 Ke7 15.
Bd5 c6 $15) 11... O-O 12. Qe1 {transposes to the game.}) 11. Nbd2 (11. dxe5 $6
Nxe4 12. Nbd2 d5 (12... Nc5 $5) 13. Nxe4 dxc4 $1 $15) 11... Ng6 12. Qe1 c6 $5 {
[%mdl 8] A normal idea to take some initiative in the centre with d5 besides
opening the possibility of Qb6 in certain lines.} (12... b6 $5 {was played in
a game between computers in 2018:} 13. Nh4 Nxh4 14. Qxh4 Bb7 15. Bd3 Re8 $11) (
12... Bd7 $5 {is also solid.}) 13. Nh4 Nxh4 $1 {The knight cannot be allowed
to reach f5.} (13... Kh7 14. Nf5 $1 (14. Nxg6 $6 fxg6 $1 $15 {is a nice idea
creating a safer king.}) 14... d5 15. Bd3 $14) 14. Qxh4 Be6 $5 (14... d5 15.
exd5 cxd5 16. Bb5 exd4 17. exd4 Bd7 18. Bxd7 Qxd7 19. Rxf6 gxf6 20. Rf1 $13 {
looks outright scary for a human but the comp says Black has nothing to fear.
Typical.}) 15. Bxe6 fxe6 {I offered a draw here as I thought there was not
much to play. Besides it was double round day. To his credit my opponent
declined the draw offer.} 16. Qh3 $5 (16. dxe5 $6 dxe5 17. Nc4 Qd3 $1 $15) (16.
Rf3 Qe7 17. Raf1 exd4 $1 {The key exchange on which I was counting on for
equality.} 18. exd4 e5 $11) 16... Qe7 {This is more natural than Qe8, although
g6 has to be watched now.} (16... Qe8 $5 17. dxe5 dxe5 18. Nc4 Nxe4 19. Rxf8+
Qxf8 20. Qxe6+ Kh8 21. Nxe5 Qf2+ 22. Kh1 Qxe3 $11) 17. dxe5 dxe5 18. Nc4 Nd7 $1
{The idea of sacrificing a5 for getting counterplay very much appealed to me
over the board.} (18... Nxe4 19. Nxe5 Rxf1+ 20. Rxf1 Rd8 21. Ng6 Qd6 $11) 19.
Rxf8+ Rxf8 $1 {The f-file is more important than the a-pawn as the pieces can
quickly co-ordinate.} (19... Kxf8 20. Qg3 Kg8 21. Rd1 $5 Nc5 22. Nxe5 Nxe4 23.
Qf4 Nc5 24. h4 $5 $14) 20. Nxa5 $6 {Leaving the kingside to fend for itself
and going for pawn hunting.} (20. Qg3 Qc5 21. b3 b5 22. Rd1 bxc4 23. Rxd7 Rf7
24. Rxf7 Kxf7 25. Qf2+ Ke7 $11) 20... Nc5 $1 21. Nc4 $6 {White wants to bring
back the knight quickly but now the queen black enters the game with tempo.} (
21. Qg4 $1 {The queen had to be activated first.} Qd8 22. h3 Qd3 23. Rd1 Qxe3+
24. Kh2 Qf4+ 25. Qxf4 exf4 26. e5 $11) 21... Qd7 $1 {The most difficult move
of the game. Qd8 was also possible, but i wanted to keep e6 protected to have
the possibility of Ne4.} (21... Qd8 $5 22. b4 Qd3 23. bxc5 Qxc4 24. Rb1 Rf7 $15
{and the White pawns fall one by one.}) 22. Qg3 $2 (22. b4 Nxe4 (22... Qd3 $5 {
Transposes}) 23. Nxe5 Qd6 24. Nf3 Nxc3 $15 {Black is better but it is still a
fight.}) 22... Nxe4 $1 {.13} 23. Qe1 $5 {The best defense. My opponent offered
a draw here. Despite mutual time trouble, i thought Black's pieces were better
co-ordinated and decided to continue.} (23. Qxe5 Qd3 $1 24. Qxe6+ Kh7 25. Qg6+
(25. h3 Rf6 $19) 25... Kh8 $1 $19) 23... Qd5 $1 {It is clear the knight has no
retreat squares.} 24. b3 (24. Qe2 Rf2 $19) (24. Na3 Qd3 $1 25. Rd1 Rf1+ $1 26.
Qxf1 Qxe3+ 27. Kh1 Nf2+ 28. Kg1 Nxd1+ 29. Kh1 Nxb2 $19) 24... b5 $1 {White
cannot be allowed to play a5 consolidating knight on c4.} 25. Nb6 (25. Rd1 Qc5
26. Nd2 Nxc3 27. Ra1 (27. Rc1 Ne2+ $19) 27... Nd5 $19) (25. axb5 cxb5 26. Rd1
Qc5 27. Nd2 Nxc3 $19) 25... Qxb3 $5 {Not the most efficient according to the
comp. But for a human it is natural to take the material especially in time
trouble.} (25... Qd3 $1 26. a5 Rf2 $1 $19) 26. a5 (26. axb5 cxb5 27. Nd7 Rc8
$19) (26. Nd7 Rd8 27. Rd1 Ra8 $19) 26... Rf2 $5 {Trying to create play along
the seventh rank and stopping any Qh4 ideas.} (26... Qc2 $1 27. Rc1 (27. a6 Rf2
$19) 27... Qd3 28. h3 (28. a6 Qd8 $1 $19) (28. Rd1 Rf1+ 29. Qxf1 Qxe3+ 30. Kh1
Nf2+ 31. Kg1 Nxd1+ 32. Kh1 Nf2+ 33. Kg1 Nd3+ 34. Kh1 e4 $19)) 27. Kh1 (27. a6
Qc2 28. Rc1 Re2 $1 $19 {Not taking the pawn because of back rank mate.}) 27...
Qb2 $1 28. Rb1 Qa2 29. Ra1 Qb2 30. Rb1 Qa3 $6 {Time trouble, and I decided to
take care of the a-pawn first as White still has to create luft for the king.}
(30... Qc2 31. Rc1 Re2 $19 {was winning on the spot.}) 31. c4 (31. Ra1 Ra2 32.
Rxa2 Qxa2 33. Nc8 Qxa5 34. Ne7+ Kf7 35. Nxc6 Qxc3 $19) 31... b4 $1 {Creating a
passer.} 32. a6 Qxa6 (32... b3 33. Rxb3 Qa2 $3 $19) 33. Qxb4 Qa2 34. Nd7 Kh7 $1
{Simply avoiding all the checks.} 35. Qb8 (35. Nf8+ Rxf8 $19) 35... Rf7 $5 (
35... h5 $1 $19 {Creating space for the king in case of Nf8+.}) 36. Nxe5 Rf8 $5
(36... Nf2+ 37. Kg1 Nd1 $1 $19) 37. Qb4 c5 $6 (37... Rf2 $1 38. c5 Qc2 $19) 38.
Qe1 Nd2 $5 {I saw a forcing sequence keeping the edge to finish the control.} (
38... Rd8 $5) 39. Ra1 Qb2 40. Nd3 Qc3 $1 41. Nf4 e5 $1 42. Rc1 (42. Ne2 Qxe3
43. Ng3 Qf4 44. Rd1 Rd8 $19) (42. Nd5 Qxc4 $1 $19) 42... Qa5 $1 43. Ra1 (43.
Rd1 exf4 44. Rxd2 fxe3 45. Re2 Qxe1+ 46. Rxe1 Kg6 47. g3 Re8 48. Kg2 (48. Re2
Kf5 49. Kg2 Ke4 $19) 48... e2 49. Kf2 Kf5 $19) 43... Qb4 (43... Qb4 44. Rd1
exf4 45. Rxd2 fxe3 46. Re2 Qxc4 $19) 0-1